Every Manchester United Goal Scorer in the 2008/09 Premier League - Statistics

General Stats
  • This quiz has been taken 27 times
  • The average score is 54 of 68
Answer Stats
Game Scorer % Correct
Bolton Wanderers (H) Rooney
96%
Blackburn Rovers (A) Rooney
96%
West Bromwich Albion (H) Rooney
96%
Manchester City (A) Rooney
96%
Chelsea (H) Rooney
96%
Wigan Athletic (H) Rooney
96%
Fulham (H) Rooney
96%
Blackburn Rovers (H) Rooney
96%
Newcastle United (A) Rooney
96%
Portsmouth (H) Rooney
96%
Tottenham Hotspur (H) Rooney
96%
Tottenham Hotspur (H) Rooney
96%
Bolton Wanderers (H) Ronaldo
92%
West Bromwich Albion (H) Ronaldo
92%
West Ham United (H) Ronaldo
92%
West Ham United (H) Ronaldo
92%
Hull City (H) Ronaldo
92%
Hull City (H) Ronaldo
92%
Stoke City (H) Ronaldo
92%
Stoke City (H) Ronaldo
92%
West Bromwich Albion (A) Ronaldo
92%
West Bromwich Albion (A) Ronaldo
92%
Everton (H) Ronaldo
92%
Blackburn Rovers (H) Ronaldo
92%
Liverpool (H) Ronaldo
92%
Aston Villa (H) Ronaldo
92%
Aston Villa (H) Ronaldo
92%
Tottenham Hotspur (H) Ronaldo
92%
Tottenham Hotspur (H) Ronaldo
92%
Manchester City (H) Ronaldo
92%
Hull City (H) Vidic
92%
Sunderland (H) Vidic
92%
Chelsea (H) Vidic
92%
West Bromwich Albion (A) Vidic
92%
Fulham (H) Scholes
88%
Sunderland (A) Scholes
88%
West Bromwich Albion (H) Nani
83%
Hull City (H) Carrick
79%
Stoke City (H) Carrick
79%
Portsmouth (H) Carrick
79%
Wigan Athletic (A) Carrick
79%
West Ham United (A) Giggs
75%
Middlesbrough (A) Giggs
75%
Liverpool (A) Tevez
75%
Stoke City (A) Tevez
75%
West Bromwich Albion (A) Tevez
75%
Manchester City (H) Tevez
75%
Wigan Athletic (A) Tevez
75%
Blackburn Rovers (A) Brown
71%
Newcastle United (H) Fletcher
71%
Portsmouth (A) Fletcher
71%
Everton (A) Fletcher
71%
Chelsea (A) Park
63%
Middlesbrough (A) Park
63%
West Bromwich Albion (H) Berbatov
58%
Stoke City (H) Berbatov
58%
Middlesbrough (H) Berbatov
58%
Chelsea (H) Berbatov
58%
Bolton Wanderers (A) Berbatov
58%
West Bromwich Albion (A) Berbatov
58%
Fulham (H) Berbatov
58%
Newcastle United (A) Berbatov
58%
Tottenham Hotspur (H) Berbatov
58%
Aston Villa (H) Macheda
38%
Sunderland (A) Macheda
38%
Arsenal (A) Rafael
38%
Stoke City (H) Welbeck
38%
Hull City (A) Gibson
25%
No matching quizzes found
Score Distribution
Percent of People with Each Score
Percentile by Number Answered
Your Score History
You have not taken this quiz